| Tag |
First Indicator |
Second Indicator |
Subfields |
| LEADER |
00000cam a2200000 i 4500 |
| 001 |
in00000674113 |
| 005 |
20151015091658.0 |
| 008 |
781205s1977 it a b 00110 ita |
| 010 |
|
|
|a 78379518
|
| 015 |
|
|
|a It78-July
|
| 035 |
|
|
|a (OCoLC)04514506
|
| 035 |
|
|
|9 ACY5844AM
|
| 040 |
|
|
|a DLC
|c DLC
|d TXA
|d UtOrBLW
|
| 043 |
|
|
|a e-it---
|
| 049 |
|
|
|a TXAM
|c [384378]
|
| 050 |
0 |
0 |
|a NA5620.S9
|b F73
|
| 082 |
0 |
|
|a 726/.5/0945634
|
| 100 |
1 |
|
|a Francia, Ennio,
|d 1905-
|
| 245 |
1 |
0 |
|a 1506 [as printed]-1606 :
|b storia della costruzione del nuovo San Pietro /
|c Ennio Francia.
|
| 264 |
|
1 |
|a Roma :
|b De Luca,
|c [1977]
|
| 264 |
|
4 |
|c ©1977
|
| 300 |
|
|
|a 220 pages :
|b illustrations ;
|c 28 cm.
|
| 336 |
|
|
|a text
|b txt
|2 rdacontent
|
| 337 |
|
|
|a unmediated
|b n
|2 rdamedia
|
| 338 |
|
|
|a volume
|b nc
|2 rdacarrier
|
| 504 |
|
|
|a Includes bibliographical references and index.
|
| 610 |
1 |
0 |
|a Basilica di San Pietro in Vaticano.
|
| 999 |
|
|
|a MARS
|
| 999 |
f |
f |
|s bd21f42d-f1d6-37c6-afce-254062aa4c83
|i a2a068a4-dba4-375b-89eb-a0dc73bc4887
|t 0
|
| 952 |
f |
f |
|p normal
|a Texas A&M University
|b College Station
|c Sterling C. Evans Library
|d Evans: Library Stacks
|t 0
|e NA5620.S9 F73
|h Library of Congress classification
|i unmediated -- volume
|m A14803438754
|
| 998 |
f |
f |
|a NA5620.S9 F73
|t 0
|l Evans: Library Stacks
|